Jediná otázka pre výtvarníčku JANU ŽELIBSKÚ (1941)

Bibliographic Details
Main Author: Geržová, Jana (Author)
Format: Article
Language:Slovak

MARC

LEADER 00000nab a2200000 a 4500
001 vtls011105214
003 SK-MaSNL
005 20260303143046.0
008 230222|1991 xo |||||||||||||||||slo|
015 |a SNBRB 
035 |a (uuid)96aad56c-1baf-4c2b-b0a6-cb1f34700d49 
035 |a (urnnbn)urn:nbn:sk:snk:ar-a087u9 
035 |a urn:nbn:sk:snk-ab9bhp 
040 |a SNKBUCL  |b slo  |c SNKBUCL  |e AACR2 
041 0 |a slo 
044 |a xo  |c SK 
100 1 |a Geržová, Jana  |4 aut  |9 267256 
245 1 0 |a Jediná otázka pre výtvarníčku JANU ŽELIBSKÚ (1941)  |c Jana Geržová 
773 0 |t Profil súčasného výtvarného umenia  |g Roč. 1, č. 3 (1991), s. 7 
954 |a odborná, vedecká literatúra pôvodná (slovenská)  |2 lita 
958 |a OND 
958 |a EUIPO 
958 |a article13 
999 |c 1987732  |d 1989662